[Event "Open International Graz"]
[Date "2026.02.16"]
[White "Leitgeb, Julian"]
[Black "Travadon, Loic"]
[WhiteElo "2305"]
[BlackElo "2483"]
[Round "4.4.2"]
[Result "0-1"]

e4 {[%clk 1:27:56]} c6 {[%clk 1:30:53]} d4 {[%clk 1:28:10]} d5 {[%clk 1:31:17]}
e5 {[%clk 1:28:34]} Bf5 {[%clk 1:31:40]} Nf3 {[%clk 1:28:01]} e6 {[%clk
1:31:52]} Be2 {[%clk 1:28:25]} Ne7 {[%clk 1:31:28]} c3 {[%clk 1:28:02]} h6
{[%clk 1:31:27]} O-O {[%clk 1:26:47]} Nd7 {[%clk 1:31:52]} Na3 {[%clk 1:24:57]}
Qc7 {[%clk 1:24:11]} Nc2 {[%clk 1:21:59]} Bh7 {[%clk 1:22:17]} b4 {[%clk
1:16:00]} a5 {[%clk 1:17:37]} a4 {[%clk 1:05:28]} Nb6 {[%clk 1:09:05]} Nce1
{[%clk 0:59:14]} Nec8 {[%clk 1:04:25]} Qb3 {[%clk 0:55:57]} Nc4 {[%clk 1:01:16]}
Bxc4 {[%clk 0:42:57]} dxc4 {[%clk 1:01:41]} Qxc4 {[%clk 0:43:11]} axb4 {[%clk
1:01:01]} cxb4 {[%clk 0:43:29]} b5 {[%clk 0:58:11]} Qb3 {[%clk 0:42:32]} Rxa4
{[%clk 0:55:53]} Rxa4 {[%clk 0:42:28]} bxa4 {[%clk 0:56:20]} Qxa4 {[%clk
0:42:39]} Nb6 {[%clk 0:56:06]} Qb3 {[%clk 0:39:01]} Be7 {[%clk 0:56:13]} Nd3
{[%clk 0:34:05]} O-O {[%clk 0:56:29]} Nc5 {[%clk 0:32:00]} Ra8 {[%clk 0:55:07]}
Bd2 {[%clk 0:30:45]} Nd5 {[%clk 0:54:54]} Qc4 {[%clk 0:20:55]} Qa7 {[%clk
0:53:57]} Rc1 {[%clk 0:18:48]} Qa3 {[%clk 0:51:24]} h3 {[%clk 0:17:56]} Bg6
{[%clk 0:51:12]} b5 {[%clk 0:15:37]} cxb5 {[%clk 0:51:05]} Qxb5 {[%clk 0:15:56]}
Bh5 {[%clk 0:49:28]} Ne1 {[%clk 0:14:22]} Qa2 {[%clk 0:49:51]} Rc2 {[%clk
0:13:12]} Qa1 {[%clk 0:49:48]} Qb2 {[%clk 0:12:59]} Qa7 {[%clk 0:47:08]} Ned3
{[%clk 0:09:22]} Bg6 {[%clk 0:47:20]} Rc1 {[%clk 0:08:59]} Bxd3 {[%clk 0:47:44]}
Nxd3 {[%clk 0:08:54]} Ba3 {[%clk 0:48:10]} Qa1 {[%clk 0:01:58]} Bxc1 {[%clk
0:48:35]} Qxa7 {[%clk 0:02:22]} Rxa7 {[%clk 0:49:02]} Bxc1 {[%clk 0:02:34]} Ra1
{[%clk 0:47:59]} Kf1 {[%clk 0:02:09]} Nb4 {[%clk 0:48:10]} Nxb4 {[%clk 0:02:28]}
Rxc1+ {[%clk 0:48:36]} Ke2 {[%clk 0:02:53]} Rc4 {[%clk 0:49:03]} Nd3 {[%clk
0:03:01]} Rxd4 {[%clk 0:49:29]} Ke3 {[%clk 0:03:26]} Ra4 {[%clk 0:49:54]} f4
{[%clk 0:01:45]} Kh7 {[%clk 0:48:50]} Kf3 {[%clk 0:13:54]} g5 {[%clk 1:03:46]}
g4 {[%clk 0:13:41]} Kg6 {[%clk 1:03:52]}

[Variant "Standard"]
[Site "Europe Echecs"]

[Event "Open International Graz"]
[Date "2026.02.16"]
[White "Socko, Bartosz"]
[Black "Paikens, Reinis"]
[WhiteElo "2580"]
[BlackElo "2246"]
[Round "4.4.3"]
[Result "1-0"]

d4 {[%clk 1:30:58]} Nf6 {[%clk 1:30:42]} c4 {[%clk 1:31:22]} e6 {[%clk 1:31:02]}
Nf3 {[%clk 1:31:47]} Bb4+ {[%clk 1:31:24]} Bd2 {[%clk 1:31:16]} c5 {[%clk
1:31:40]} Bxb4 {[%clk 1:31:23]} cxb4 {[%clk 1:32:01]} e3 {[%clk 1:31:35]} O-O
{[%clk 1:30:29]} Bd3 {[%clk 1:31:48]} d6 {[%clk 1:30:34]} O-O {[%clk 1:32:06]}
Re8 {[%clk 1:27:49]} Nbd2 {[%clk 1:30:00]} e5 {[%clk 1:26:07]} Qc2 {[%clk
1:29:31]} Nc6 {[%clk 1:17:51]} dxe5 {[%clk 1:29:02]} Nxe5 {[%clk 1:17:02]} Nxe5
{[%clk 1:21:28]} Rxe5 {[%clk 1:13:06]} Nf3 {[%clk 1:21:19]} Rc5 {[%clk 1:06:43]}
a3 {[%clk 1:17:35]} bxa3 {[%clk 1:05:19]} b4 {[%clk 1:17:54]} Rh5 {[%clk
0:59:13]} Rxa3 {[%clk 1:17:20]} Ng4 {[%clk 0:43:50]} h3 {[%clk 1:05:28]} Qf6
{[%clk 0:39:51]} Rfa1 {[%clk 1:04:03]} Ne5 {[%clk 0:35:09]} Nxe5 {[%clk
1:01:00]} Qxe5 {[%clk 0:34:22]} Ra5 {[%clk 1:00:04]} Qf6 {[%clk 0:32:40]} Qa4
{[%clk 0:56:01]} Re5 {[%clk 0:28:01]} Rxa7 {[%clk 0:55:01]} Rxa7 {[%clk
0:28:09]} Qxa7 {[%clk 0:55:25]} g6 {[%clk 0:28:33]} Qd4 {[%clk 0:52:22]} Kg7
{[%clk 0:28:23]} Ra8 {[%clk 0:51:28]} Re8 {[%clk 0:22:24]} Kf1 {[%clk 0:48:03]}
h6 {[%clk 0:16:48]} b5 {[%clk 0:42:19]} Qxd4 {[%clk 0:09:34]} exd4 {[%clk
0:42:34]} Kf8 {[%clk 0:10:01]} Rb8 {[%clk 0:39:32]} Be6 {[%clk 0:08:24]} Rxb7
{[%clk 0:38:50]} Ra8 {[%clk 0:08:46]} b6 {[%clk 0:35:45]} Ra1+ {[%clk 0:03:52]}
Ke2 {[%clk 0:36:08]} Ra2+ {[%clk 0:04:16]} Ke3 {[%clk 0:36:31]} Ra3 {[%clk
0:04:21]} Ra7 {[%clk 0:35:38]} Rb3 {[%clk 0:04:45]} b7 {[%clk 0:35:57]} Kg7
{[%clk 0:04:23]} Kd2 {[%clk 0:36:04]} Kf6 {[%clk 0:04:25]} g4 {[%clk 0:33:33]}
h5 {[%clk 0:04:31]} d5 {[%clk 0:33:38]} Bxg4 {[%clk 0:04:10]} hxg4 {[%clk
0:34:03]} h4 {[%clk 0:04:35]} Kc2 {[%clk 0:34:24]} Rb6 {[%clk 0:04:38]} c5
{[%clk 0:34:49]}

[Variant "Standard"]
[Site "Europe Echecs"]

[Event "Open International Graz"]
[Date "2026.02.16"]
[White "Oktem, Ege Tuna"]
[Black "Pranav Anand"]
[WhiteElo "2356"]
[BlackElo "2606"]
[Round "4.4.4"]
[Result "1/2-1/2"]

e4 {[%clk 1:30:58]} c5 {[%clk 1:30:48]} c3 {[%clk 1:31:25]} Nf6 {[%clk 1:31:13]}
e5 {[%clk 1:31:51]} Nd5 {[%clk 1:31:38]} Nf3 {[%clk 1:32:17]} d6 {[%clk
1:31:56]} d4 {[%clk 1:32:44]} cxd4 {[%clk 1:32:13]} cxd4 {[%clk 1:33:12]} dxe5
{[%clk 1:32:35]} dxe5 {[%clk 1:32:59]} Nc6 {[%clk 1:32:54]} Bc4 {[%clk 1:33:23]}
Be6 {[%clk 1:33:00]} O-O {[%clk 1:33:16]} g6 {[%clk 1:33:19]} Ng5 {[%clk
1:33:40]} Bg7 {[%clk 1:33:43]} f4 {[%clk 1:34:06]} Qb6+ {[%clk 1:33:13]} Kh1
{[%clk 1:34:34]} Rd8 {[%clk 1:33:36]} Qe1 {[%clk 1:33:27]} Qd4 {[%clk 1:22:31]}
Nxe6 {[%clk 1:24:18]} fxe6 {[%clk 1:22:42]} Qe2 {[%clk 0:52:57]} O-O {[%clk
1:18:42]} Bxd5 {[%clk 0:53:15]} exd5 {[%clk 1:15:31]} Nc3 {[%clk 0:51:16]} Qc5
{[%clk 1:05:17]} Bd2 {[%clk 0:49:24]} d4 {[%clk 1:01:43]} Ne4 {[%clk 0:49:26]}
d3 {[%clk 1:02:04]} Qg4 {[%clk 0:45:41]} Qd5 {[%clk 0:58:31]} Ng5 {[%clk
0:41:05]} Nd4 {[%clk 0:58:23]} Rad1 {[%clk 0:38:41]} Qxa2 {[%clk 0:50:55]} Bc3
{[%clk 0:33:42]} Nf5 {[%clk 0:50:51]} Rfe1 {[%clk 0:14:12]} Qc4 {[%clk 0:45:01]}
Qh3 {[%clk 0:13:49]} Bh6 {[%clk 0:37:10]} e6 {[%clk 0:12:28]} d2 {[%clk
0:30:22]} Rxd2 {[%clk 0:06:46]} Rxd2 {[%clk 0:30:36]} Bxd2 {[%clk 0:07:14]} Bxg5
{[%clk 0:31:00]} fxg5 {[%clk 0:07:38]} Nd4 {[%clk 0:31:18]} Rg1 {[%clk 0:03:06]}
Ne2 {[%clk 0:26:31]} Re1 {[%clk 0:03:16]} Qd5 {[%clk 0:22:57]} Be3 {[%clk
0:02:14]} Qe5 {[%clk 0:23:07]} Bxa7 {[%clk 0:01:50]} Qa5 {[%clk 0:21:22]} Rxe2
{[%clk 0:01:54]} Qxa7 {[%clk 0:21:21]} Re1 {[%clk 0:01:58]} Qf2 {[%clk 0:21:25]}
Rg1 {[%clk 0:02:27]} Qxb2 {[%clk 0:21:49]} Qe3 {[%clk 0:02:33]} Qb5 {[%clk
0:17:46]} h3 {[%clk 0:02:42]} Rf1 {[%clk 0:13:49]} Rxf1 {[%clk 0:02:58]} Qxf1+
{[%clk 0:14:17]} Kh2 {[%clk 0:03:27]} Qf5 {[%clk 0:12:12]} h4 {[%clk 0:03:14]}
b5 {[%clk 0:10:32]} Qb6 {[%clk 0:02:20]} Qe5+ {[%clk 0:07:10]} g3 {[%clk
0:01:44]} Kg7 {[%clk 0:07:05]} Qf2 {[%clk 0:00:35]} Qxe6 {[%clk 0:03:50]} Qb2+
{[%clk 0:01:03]} Kf7 {[%clk 0:04:07]} Qxb5 {[%clk 0:01:28]} Qa2+ {[%clk
0:13:57]} Kh3 {[%clk 0:15:42]} Qe6+ {[%clk 0:12:50]} Kh2 {[%clk 0:16:12]} Qe3
{[%clk 0:11:01]} Qb2 {[%clk 0:14:13]} Ke6 {[%clk 0:09:08]} Qa2+ {[%clk 0:06:34]}
Kf5 {[%clk 0:09:50]} Kh3 {[%clk 0:06:11]} Qe6 {[%clk 0:09:48]} Qa8 {[%clk
0:04:39]} Ke5+ {[%clk 0:07:48]} Kh2 {[%clk 0:05:08]} Qd5 {[%clk 0:08:04]} Qf8
{[%clk 0:03:56]} Qa2+ {[%clk 0:06:49]} Kh3 {[%clk 0:03:49]} Qe6+ {[%clk
0:07:12]} Kh2 {[%clk 0:04:52]} Ke4 {[%clk 0:07:08]} Qa8+ {[%clk 0:02:49]} Ke3
{[%clk 0:07:27]} Qa1 {[%clk 0:02:33]} Kf2 {[%clk 0:06:34]} Qg1+ {[%clk 0:02:31]}
Ke2 {[%clk 0:07:03]} Qg2+ {[%clk 0:02:13]} Kd1 {[%clk 0:07:11]} Qb7 {[%clk
0:01:26]} Qe3 {[%clk 0:06:35]} Kh3 {[%clk 0:01:19]} Qe6+ {[%clk 0:06:09]} Kg2
{[%clk 0:01:25]} Qe2+ {[%clk 0:01:51]} Kh3 {[%clk 0:01:54]} Ke1 {[%clk 0:02:20]}
Qb1+ {[%clk 0:01:30]} Kf2 {[%clk 0:02:45]} Qb6+ {[%clk 0:01:55]} Qe3 {[%clk
0:03:09]} Qb2+ {[%clk 0:02:24]} Qe2 {[%clk 0:02:33]} Qb6+ {[%clk 0:02:24]} Kf1
{[%clk 0:02:59]} Qb1+ {[%clk 0:02:46]} Qe1 {[%clk 0:03:19]} Qa2 {[%clk 0:02:24]}
Qe4 {[%clk 0:02:35]} Qa1+ {[%clk 0:02:08]} Qe1 {[%clk 0:01:18]} Qa2 {[%clk
0:02:38]} Qe3 {[%clk 0:00:39]} Qb1+ {[%clk 0:02:40]} Kf2 {[%clk 0:00:39]} Qb2+
{[%clk 0:03:05]} Qe2 {[%clk 0:00:56]} Qb6+ {[%clk 0:03:01]}

[Variant "Standard"]
[Site "Europe Echecs"]

[Event "Open International Graz"]
[Date "2026.02.16"]
[White "Smith, Bryan"]
[Black "Lalit Babu M R"]
[WhiteElo "2361"]
[BlackElo "2511"]
[Round "4.4.5"]
[Result "0-1"]

e4 {[%clk 1:30:57]} e5 {[%clk 1:30:56]} Nf3 {[%clk 1:31:18]} Nc6 {[%clk
1:31:21]} Bc4 {[%clk 1:31:34]} Bc5 {[%clk 1:31:44]} Nc3 {[%clk 1:31:43]} Nf6
{[%clk 1:31:14]} d3 {[%clk 1:31:44]} a6 {[%clk 1:30:54]} Nd5 {[%clk 1:30:58]} h6
{[%clk 1:30:37]} a4 {[%clk 1:28:04]} d6 {[%clk 1:30:10]} Be3 {[%clk 1:27:07]}
Be6 {[%clk 1:22:55]} Bxc5 {[%clk 1:27:08]} dxc5 {[%clk 1:23:20]} Ne3 {[%clk
1:27:18]} Qd7 {[%clk 1:21:40]} O-O {[%clk 1:22:02]} O-O {[%clk 1:20:03]} b3
{[%clk 1:14:32]} Bxc4 {[%clk 1:00:52]} bxc4 {[%clk 1:09:21]} Ng4 {[%clk
0:53:28]} Nf5 {[%clk 0:41:46]} g6 {[%clk 0:49:31]} N3h4 {[%clk 0:31:26]} gxf5
{[%clk 0:47:09]} Nxf5 {[%clk 0:31:50]} Nf6 {[%clk 0:46:36]} Qc1 {[%clk 0:23:43]}
Nd4 {[%clk 0:44:14]} Qxh6 {[%clk 0:23:27]} Nxf5 {[%clk 0:44:37]} Qxf6 {[%clk
0:22:47]} Ng7 {[%clk 0:39:53]} Qxe5 {[%clk 0:22:01]} Qc6 {[%clk 0:39:24]} Qg5
{[%clk 0:20:43]} f5 {[%clk 0:38:50]} Rfe1 {[%clk 0:18:22]} Rf6 {[%clk 0:38:16]}
exf5 {[%clk 0:13:39]} Rxf5 {[%clk 0:38:41]} Qh4 {[%clk 0:12:37]} Raf8 {[%clk
0:38:50]} f3 {[%clk 0:12:22]} Qg6 {[%clk 0:32:56]} Qe4 {[%clk 0:11:41]} b6
{[%clk 0:32:56]} Kh1 {[%clk 0:07:51]} Qh6 {[%clk 0:32:30]} Qe3 {[%clk 0:06:55]}
Qh7 {[%clk 0:23:07]} Qe7 {[%clk 0:06:35]} R5f7 {[%clk 0:24:19]} Qg5 {[%clk
0:06:33]} a5 {[%clk 0:22:16]} Re4 {[%clk 0:04:43]} Qf5 {[%clk 0:21:42]} Qxf5
{[%clk 0:04:19]} Nxf5 {[%clk 0:22:08]} Kg1 {[%clk 0:04:01]} Nd4 {[%clk 0:21:37]}
c3 {[%clk 0:03:56]} Nf5 {[%clk 0:20:08]} Rg4+ {[%clk 0:03:25]} Kh7 {[%clk
0:19:26]} Kf2 {[%clk 0:03:21]} Rd8 {[%clk 0:19:49]} Ke2 {[%clk 0:03:16]} Rfd7
{[%clk 0:19:28]} Rd1 {[%clk 0:03:40]} Re7+ {[%clk 0:19:12]} Re4 {[%clk 0:03:50]}
Rxe4+ {[%clk 0:19:02]} fxe4 {[%clk 0:04:07]} Nd6 {[%clk 0:18:53]} Rf1 {[%clk
0:02:25]} Kg6 {[%clk 0:17:21]} Ke3 {[%clk 0:01:14]} Rd7 {[%clk 0:14:59]} h3
{[%clk 0:13:15]} Nf7 {[%clk 0:22:09]} d4 {[%clk 0:09:59]} cxd4+ {[%clk 0:11:16]}
cxd4 {[%clk 0:09:10]} c5 {[%clk 0:11:05]} dxc5 {[%clk 0:08:36]} bxc5 {[%clk
0:11:14]} Rf5 {[%clk 0:08:32]} Rc7 {[%clk 0:11:41]} Kd3 {[%clk 0:06:06]} Ng5
{[%clk 0:12:03]} h4 {[%clk 0:04:06]} Ne6 {[%clk 0:11:51]} h5+ {[%clk 0:03:59]}
Kg7 {[%clk 0:12:13]} g4 {[%clk 0:03:47]} Rd7+ {[%clk 0:12:12]} Ke3 {[%clk
0:03:44]} Rd1 {[%clk 0:11:51]} g5 {[%clk 0:03:26]} Re1+ {[%clk 0:11:53]} Kd3
{[%clk 0:03:34]} Rg1 {[%clk 0:12:14]} g6 {[%clk 0:01:57]} Rg3+ {[%clk 0:12:02]}
Kd2 {[%clk 0:02:25]} Kh6 {[%clk 0:10:20]} Kd1 {[%clk 0:01:51]} Rg5 {[%clk
0:10:23]} Rf6 {[%clk 0:01:49]} Nd4 {[%clk 0:10:50]} Ra6 {[%clk 0:01:56]} Kxh5
{[%clk 0:11:08]} Ke1 {[%clk 0:02:12]} Rxg6 {[%clk 0:10:21]} Rxa5 {[%clk
0:02:31]} Rc6 {[%clk 0:10:41]} Kf2 {[%clk 0:02:32]} Kg5 {[%clk 0:10:50]} Ke3
{[%clk 0:02:49]} Kf6 {[%clk 0:10:47]} Ra8 {[%clk 0:02:36]} Rb6 {[%clk 0:11:09]}
a5 {[%clk 0:02:23]} Rb3+ {[%clk 0:11:22]} Kf4 {[%clk 0:02:34]} Ne6+ {[%clk
0:11:35]} Kg4 {[%clk 0:03:02]} Re3 {[%clk 0:11:42]}

[Variant "Standard"]
[Site "Europe Echecs"]

[Event "Open International Graz"]
[Date "2026.02.16"]
[White "Shengelia, David"]
[Black "Savitha Shri B"]
[WhiteElo "2487"]
[BlackElo "2356"]
[Round "4.4.6"]
[Result "1-0"]

d4 {[%clk 1:30:56]} d5 {[%clk 1:27:59]} Bf4 {[%clk 1:30:01]} Nf6 {[%clk
1:28:21]} e3 {[%clk 1:28:31]} c5 {[%clk 1:28:46]} c3 {[%clk 1:26:37]} Nc6 {[%clk
1:29:02]} Nd2 {[%clk 1:26:33]} g6 {[%clk 1:22:08]} dxc5 {[%clk 1:13:57]} Bg7
{[%clk 1:17:40]} Ngf3 {[%clk 1:12:10]} O-O {[%clk 1:17:32]} Be2 {[%clk 1:11:23]}
a5 {[%clk 1:15:14]} a4 {[%clk 1:05:52]} h6 {[%clk 1:08:37]} h3 {[%clk 0:58:03]}
Re8 {[%clk 1:01:16]} Ne5 {[%clk 0:40:11]} Nd7 {[%clk 1:00:27]} Nxd7 {[%clk
0:40:35]} Bxd7 {[%clk 0:58:09]} O-O {[%clk 0:40:57]} e5 {[%clk 0:57:17]} Bg3
{[%clk 0:41:23]} Be6 {[%clk 0:51:53]} Bb5 {[%clk 0:39:36]} Qe7 {[%clk 0:46:05]}
Nb3 {[%clk 0:39:25]} Red8 {[%clk 0:46:10]} Re1 {[%clk 0:31:55]} h5 {[%clk
0:43:34]} Kh1 {[%clk 0:28:03]} Qf6 {[%clk 0:37:42]} f4 {[%clk 0:22:10]} exf4
{[%clk 0:33:25]} Bxf4 {[%clk 0:22:08]} Ne5 {[%clk 0:30:39]} Nd4 {[%clk 0:21:53]}
Qe7 {[%clk 0:28:56]} c6 {[%clk 0:21:57]} b6 {[%clk 0:25:18]} Qc2 {[%clk
0:18:20]} f5 {[%clk 0:21:15]} Rad1 {[%clk 0:14:09]} Bf7 {[%clk 0:21:30]} Qf2
{[%clk 0:12:34]} Ra7 {[%clk 0:17:45]} Nf3 {[%clk 0:10:03]} Rc8 {[%clk 0:12:02]}
Nxe5 {[%clk 0:06:57]} Bxe5 {[%clk 0:12:31]} c4 {[%clk 0:06:11]} dxc4 {[%clk
0:11:49]} e4 {[%clk 0:06:05]} Qf6 {[%clk 0:09:05]} Bxe5 {[%clk 0:05:50]} Qxe5
{[%clk 0:09:31]} exf5 {[%clk 0:04:32]} Qf6 {[%clk 0:08:15]} Qxb6 {[%clk
0:04:18]} Raa8 {[%clk 0:07:38]} fxg6 {[%clk 0:04:10]} Qxg6 {[%clk 0:08:04]} Qc5
{[%clk 0:04:07]}

[Variant "Standard"]
[Site "Europe Echecs"]

[Event "Open International Graz"]
[Date "2026.02.16"]
[White "Ben Ari, Yannay"]
[Black "Moksh Amit Doshi"]
[WhiteElo "2467"]
[BlackElo "2354"]
[Round "4.4.7"]
[Result "1/2-1/2"]

c4 {[%clk 1:29:52]} Nf6 {[%clk 1:29:58]} g3 {[%clk 1:29:24]} e6 {[%clk 1:30:16]}
Bg2 {[%clk 1:26:19]} d5 {[%clk 1:30:38]} Nf3 {[%clk 1:26:43]} Be7 {[%clk
1:31:01]} O-O {[%clk 1:21:05]} O-O {[%clk 1:31:23]} b3 {[%clk 1:21:22]} c5
{[%clk 1:31:23]} e3 {[%clk 1:19:56]} Nc6 {[%clk 1:30:44]} d3 {[%clk 1:19:34]} e5
{[%clk 1:25:36]} Nc3 {[%clk 1:09:13]} Be6 {[%clk 1:21:29]} e4 {[%clk 1:04:35]}
dxe4 {[%clk 1:17:58]} dxe4 {[%clk 1:03:03]} Qxd1 {[%clk 1:16:14]} Rxd1 {[%clk
1:03:25]} Rfd8 {[%clk 1:15:13]} Nd5 {[%clk 0:42:05]} Kf8 {[%clk 1:06:35]} Be3
{[%clk 0:37:33]} b6 {[%clk 0:57:10]} Ne1 {[%clk 0:25:37]} Nd4 {[%clk 0:49:47]}
Rd2 {[%clk 0:24:14]} Ng4 {[%clk 0:47:18]} Bxd4 {[%clk 0:20:22]} cxd4 {[%clk
0:47:35]} Nc7 {[%clk 0:17:49]} Rab8 {[%clk 0:43:43]} Nxe6+ {[%clk 0:13:48]} fxe6
{[%clk 0:41:26]} Nd3 {[%clk 0:14:16]} Bd6 {[%clk 0:40:26]} b4 {[%clk 0:14:44]}
Ke7 {[%clk 0:37:55]} Rc2 {[%clk 0:11:53]} g5 {[%clk 0:36:29]} Rac1 {[%clk
0:11:38]} Nf6 {[%clk 0:33:43]} c5 {[%clk 0:10:24]} bxc5 {[%clk 0:33:49]} bxc5
{[%clk 0:10:47]} Bc7 {[%clk 0:34:13]} Rc4 {[%clk 0:10:58]} a5 {[%clk 0:30:23]}
c6 {[%clk 0:09:38]} Rb6 {[%clk 0:24:55]} Rc5 {[%clk 0:07:10]} Ra8 {[%clk
0:21:41]} Kf1 {[%clk 0:04:37]} Bd6 {[%clk 0:19:11]} R5c4 {[%clk 0:04:51]} Rab8
{[%clk 0:15:56]} Ke2 {[%clk 0:04:01]} Bc7 {[%clk 0:14:51]} f4 {[%clk 0:02:16]}
gxf4 {[%clk 0:13:38]} gxf4 {[%clk 0:02:40]} exf4 {[%clk 0:10:50]} e5 {[%clk
0:02:22]} Ng4 {[%clk 0:10:57]} Rxd4 {[%clk 0:02:17]} Nxe5 {[%clk 0:10:02]} Nxe5
{[%clk 0:02:41]} Bxe5 {[%clk 0:10:27]} Rd7+ {[%clk 0:03:09]} Kf6 {[%clk
0:08:34]} c7 {[%clk 0:02:35]} Rb2+ {[%clk 0:07:17]} Kf3 {[%clk 0:02:54]} Rc8
{[%clk 0:07:04]} Rxh7 {[%clk 0:01:00]} Kg6 {[%clk 0:03:45]} Re7 {[%clk 0:13:20]}
Rb6 {[%clk 0:10:05]} Bh3 {[%clk 0:12:43]} Kf6 {[%clk 0:09:17]} Rh7 {[%clk
0:11:31]} Kg6 {[%clk 0:09:09]} Rd7 {[%clk 0:11:54]} Kf6 {[%clk 0:08:55]} Bg4
{[%clk 0:08:45]} Rd6 {[%clk 0:08:02]} Rh7 {[%clk 0:07:37]} Kg6 {[%clk 0:08:07]}
Ke4 {[%clk 0:06:44]}

[Variant "Standard"]
[Site "Europe Echecs"]

[Event "Open International Graz"]
[Date "2026.02.16"]
[White "Ilkhomi, Jaloliddin"]
[Black "Yaniv, Yuval"]
[WhiteElo "2353"]
[BlackElo "2467"]
[Round "4.4.8"]
[Result "1-0"]

d4 {[%clk 1:30:56]} Nf6 {[%clk 1:29:25]} c4 {[%clk 1:31:18]} g6 {[%clk 1:29:14]}
Nc3 {[%clk 1:31:40]} Bg7 {[%clk 1:29:05]} g3 {[%clk 1:31:41]} O-O {[%clk
1:27:39]} Bg2 {[%clk 1:32:06]} d6 {[%clk 1:26:08]} e3 {[%clk 1:32:30]} e5 {[%clk
1:19:43]} Nge2 {[%clk 1:32:50]} c6 {[%clk 1:14:28]} O-O {[%clk 1:33:03]} Re8
{[%clk 1:10:08]} h3 {[%clk 1:32:51]} h5 {[%clk 1:07:38]} b3 {[%clk 1:30:23]}
exd4 {[%clk 1:00:33]} Nxd4 {[%clk 1:30:39]} Nbd7 {[%clk 0:58:26]} Ba3 {[%clk
1:31:02]} Nc5 {[%clk 0:55:54]} Qc2 {[%clk 1:30:39]} Qe7 {[%clk 0:54:51]} Rad1
{[%clk 1:29:03]} a5 {[%clk 0:49:20]} e4 {[%clk 1:26:59]} a4 {[%clk 0:44:21]} b4
{[%clk 1:21:09]} Ne6 {[%clk 0:43:24]} b5 {[%clk 1:16:14]} Nxd4 {[%clk 0:36:17]}
Rxd4 {[%clk 1:16:35]} c5 {[%clk 0:36:29]} Rd3 {[%clk 1:08:53]} Be6 {[%clk
0:34:57]} Nxa4 {[%clk 1:05:27]} Nd7 {[%clk 0:32:48]} f4 {[%clk 0:58:33]} Ra7
{[%clk 0:28:28]} Bc1 {[%clk 0:39:38]} Rea8 {[%clk 0:24:01]} Ra3 {[%clk 0:37:57]}
f5 {[%clk 0:19:23]} Re1 {[%clk 0:37:22]} Qf7 {[%clk 0:19:11]} exf5 {[%clk
0:36:47]} Bxf5 {[%clk 0:19:04]} Qd1 {[%clk 0:36:13]} Bd4+ {[%clk 0:17:16]} Be3
{[%clk 0:36:00]} Qxc4 {[%clk 0:12:46]} Nb2 {[%clk 0:35:40]} Qc2 {[%clk 0:09:29]}
Qxc2 {[%clk 0:34:51]} Bxc2 {[%clk 0:09:45]} Rxa7 {[%clk 0:35:15]} Rxa7 {[%clk
0:09:43]} Nc4 {[%clk 0:34:37]} Nf6 {[%clk 0:05:36]} b6 {[%clk 0:32:00]} Ra4
{[%clk 0:04:32]} Nxd6 {[%clk 0:32:15]} Rb4 {[%clk 0:04:38]} Nxb7 {[%clk
0:25:35]} Rb1 {[%clk 0:03:16]} Bxd4 {[%clk 0:28:23]} Rxe1+ {[%clk 0:03:30]} Kf2
{[%clk 0:28:52]} Re6 {[%clk 0:02:59]} Bxc5 {[%clk 0:15:40]} Be4 {[%clk 0:03:27]}
a4 {[%clk 0:16:01]} Bxg2 {[%clk 0:00:47]} Kxg2 {[%clk 0:16:30]} Re2+ {[%clk
0:00:42]} Kf3 {[%clk 0:16:58]} Ra2 {[%clk 0:00:52]} a5 {[%clk 0:16:51]} Ra4
{[%clk 0:07:56]} Ke3 {[%clk 0:24:28]} Nd7 {[%clk 0:05:23]} Bd6 {[%clk 0:23:35]}
Kf7 {[%clk 0:04:15]} Nd8+ {[%clk 0:21:14]} Kf6 {[%clk 0:04:35]} Be5+ {[%clk
0:17:00]} Ke7 {[%clk 0:04:06]} Nc6+ {[%clk 0:14:57]} Ke6 {[%clk 0:04:28]} b7
{[%clk 0:14:40]} Kd5 {[%clk 0:03:54]} Ne7+ {[%clk 0:15:04]} Kc5 {[%clk 0:00:34]}
Nxg6 {[%clk 0:14:15]} Rxa5 {[%clk 0:00:48]} Nf8 {[%clk 0:13:16]} Nxe5 {[%clk
0:00:31]} fxe5 {[%clk 0:13:21]} Rb5 {[%clk 0:00:37]} Nd7+ {[%clk 0:13:45]} Kd5
{[%clk 0:00:51]} b8=Q {[%clk 0:14:10]} Rxb8 {[%clk 0:01:17]} Nxb8 {[%clk
0:14:35]} Kxe5 {[%clk 0:01:42]} h4 {[%clk 0:15:01]} Kd5 {[%clk 0:01:23]}

[Variant "Standard"]
[Site "Europe Echecs"]

[Event "Open International Graz"]
[Date "2026.02.16"]
[White "Zverev, Lev"]
[Black "Stickler, Florentin"]
[WhiteElo "2453"]
[BlackElo "2346"]
[Round "4.4.9"]
[Result "1/2-1/2"]

e4 {[%clk 1:30:56]} e5 {[%clk 1:30:49]} Nf3 {[%clk 1:31:21]} Nc6 {[%clk
1:31:15]} Bc4 {[%clk 1:31:47]} d6 {[%clk 1:31:40]} d4 {[%clk 1:31:45]} Nf6
{[%clk 1:32:04]} d5 {[%clk 1:31:50]} Ne7 {[%clk 1:32:23]} Bd3 {[%clk 1:30:28]}
g6 {[%clk 1:32:45]} c4 {[%clk 1:30:22]} Bg7 {[%clk 1:33:09]} Nc3 {[%clk
1:30:45]} O-O {[%clk 1:32:58]} h3 {[%clk 1:28:56]} Ne8 {[%clk 1:30:07]} g4
{[%clk 1:25:59]} f5 {[%clk 1:16:11]} gxf5 {[%clk 1:22:00]} gxf5 {[%clk 1:16:34]}
Qe2 {[%clk 1:07:45]} Nf6 {[%clk 1:08:31]} Bg5 {[%clk 1:06:03]} c6 {[%clk
1:04:37]} dxc6 {[%clk 1:03:15]} bxc6 {[%clk 1:03:57]} O-O-O {[%clk 0:44:39]} Qa5
{[%clk 0:59:28]} Rhg1 {[%clk 0:38:12]} Kh8 {[%clk 0:57:45]} Nd2 {[%clk 0:35:53]}
Rb8 {[%clk 0:46:32]} f4 {[%clk 0:31:24]} exf4 {[%clk 0:44:20]} Nb3 {[%clk
0:18:43]} Qe5 {[%clk 0:40:33]} Qf1 {[%clk 0:14:26]} Nxe4 {[%clk 0:35:00]} Bxf4
{[%clk 0:14:34]} Qf6 {[%clk 0:34:50]} Rxg7 {[%clk 0:08:44]} Qxg7 {[%clk
0:32:33]} Bc2 {[%clk 0:09:10]} Ng6 {[%clk 0:31:50]} Be3 {[%clk 0:09:29]} Ne5
{[%clk 0:29:39]} c5 {[%clk 0:09:28]} Be6 {[%clk 0:21:35]} cxd6 {[%clk 0:09:22]}
Bxb3 {[%clk 0:20:34]} axb3 {[%clk 0:08:30]} c5 {[%clk 0:18:09]} Qe2 {[%clk
0:08:14]} f4 {[%clk 0:16:36]} Nxe4 {[%clk 0:07:38]} fxe3 {[%clk 0:16:59]} Qxe3
{[%clk 0:08:07]} c4 {[%clk 0:16:18]} Rg1 {[%clk 0:07:29]} Qf7 {[%clk 0:16:13]}
Nd2 {[%clk 0:05:43]} Qf6 {[%clk 0:13:44]} bxc4 {[%clk 0:04:38]} Qxd6 {[%clk
0:10:12]} Qxa7 {[%clk 0:05:02]} Ng6 {[%clk 0:09:13]} Qe3 {[%clk 0:04:53]} Qe5
{[%clk 0:07:28]} Qxe5+ {[%clk 0:05:10]} Nxe5 {[%clk 0:07:52]} b3 {[%clk
0:04:37]} Rbd8 {[%clk 0:07:05]} Rg2 {[%clk 0:04:06]} Nc6 {[%clk 0:06:16]} Kb2
{[%clk 0:03:45]} Rg8 {[%clk 0:03:51]} Rxg8+ {[%clk 0:04:20]} Kxg8 {[%clk
0:03:25]} Kc3 {[%clk 0:04:45]} Nd4 {[%clk 0:03:04]} Bd3 {[%clk 0:05:07]} Ne6
{[%clk 0:02:46]} b4 {[%clk 0:04:57]} Nf4 {[%clk 0:01:02]} Bf1 {[%clk 0:05:15]}
Kf7 {[%clk 0:01:09]} b5 {[%clk 0:02:46]} Ke6 {[%clk 0:01:09]} b6 {[%clk
0:13:58]} Kd6 {[%clk 0:11:34]} Nb3 {[%clk 0:14:06]} Kc6 {[%clk 0:06:24]} c5
{[%clk 0:14:27]} Re8 {[%clk 0:04:11]} Kd4 {[%clk 0:12:20]} Ra8 {[%clk 0:02:25]}
Bc4 {[%clk 0:06:46]} Ra4 {[%clk 0:01:53]} Kc3 {[%clk 0:07:04]} Nd5+ {[%clk
0:01:52]} Kd3 {[%clk 0:06:29]} Nf4+ {[%clk 0:01:52]} Kd2 {[%clk 0:05:01]} Rxc4
{[%clk 0:01:33]} Na5+ {[%clk 0:05:23]} Kxc5 {[%clk 0:01:26]} Nxc4 {[%clk
0:05:48]} Kc6 {[%clk 0:02:22]} h4 {[%clk 0:06:02]} Nd5 {[%clk 0:02:40]}

[Variant "Standard"]
[Site "Europe Echecs"]